Justice in the Gerardi Case: but terror continues /
সংরক্ষণ করুন:
| প্রধান লেখক: | |
|---|---|
| অন্যান্য লেখক: | |
| বিন্যাস: | পাঠ্য |
| বিষয়গুলি: | |
| ট্যাগগুলো: |
ট্যাগ যুক্ত করুন
কোনো ট্যাগ নেই, প্রথমজন হিসাবে ট্যাগ করুন!
|
MARC
| LEADER | 00000 a a2200000 04500 | ||
|---|---|---|---|
| 001 | 10093 | ||
| 003 | |||
| 040 | |||
| 100 | |a Molina Mejía, Raúl | ||
| 245 | |a Justice in the Gerardi Case: but terror continues / |c Raúl Molina Mejía | ||
| 650 | |a DERECHOS HUMANOS | ||
| 650 | |a ADMINISTRACION DE JUSTICIA | ||
| 700 | |a McSherry, J. Patrice | ||
| 773 | |g XXXV, número 1; páginas 8-11 | ||
| 999 | |c 21950 |d 21950 | ||
